Projektovanie a správa inteligentných budov strojárskych výrob
Gespeichert in:
| 1. Verfasser: | |
|---|---|
| Weitere Verfasser: | , |
| Format: | Buchkapitel |
| Sprache: | Slowakisch |
| Schlagworte: | |
| Tags: |
Keine Tags, Fügen Sie das erste Tag hinzu!
|
MARC
| LEADER | 00000naa$a2200000$$$4500 | ||
|---|---|---|---|
| 001 | 0233304 | ||
| 005 | 20240502073805.0 | ||
| 041 | 0 | |a slo | |
| 044 | |a SK | ||
| 245 | 1 | 0 | |a Projektovanie a správa inteligentných budov strojárskych výrob |c Vladimír Rudy, Martin Bosák, Gabriela Ižáriková |
| 500 | |a Abstrakt | ||
| 610 | 2 | 0 | |a výroba |
| 610 | 2 | 0 | |a technológie nové |
| 610 | 2 | 0 | |a strojárstvo ťažké |
| 610 | 2 | 0 | |a stavebníctvo |
| 610 | 2 | 0 | |a inovácie technologické |
| 100 | 1 | |a Rudy, Vladimír | |
| 700 | 1 | |a Bosák, Martin, 1967- | |
| 700 | 1 | |a Ižaríková, Gabriela | |